And I Love Her - The Beatles (All Lyrics) - Statistics

General Stats
  • This quiz has been taken 117 times
  • The average score is 81 of 103
Answer Stats
Answer % Correct
A
100%
her
100%
I
100%
love
100%
And
98%
give
90%
my
87%
to
87%
you
87%
all
84%
me
84%
do
83%
that
83%
She
81%
never
79%
The
79%
the
79%
die
78%
if
78%
everything
76%
That's
76%
Will
76%
gives
75%
like
75%
too
75%
saw
73%
ours
71%
As
70%
as
70%
have
70%
You'd
70%
is
67%
long
63%
Could
62%
mine
62%
of
62%
know
60%
near
59%
this
59%
brings
57%
lover
57%
shine
54%
stars
54%
Dark
52%
sky
52%
tenderly
51%
are
48%
kiss
48%
Bright
46%
No matching quizzes found
Score Distribution
Percent of People with Each Score
Percentile by Number Answered
Your Score History
You have not taken this quiz